000 01027nam a2200253 i 4500
001 bg
100 1 _aMüller, Bernd-Dietrich.
245 _aWortschatzarbeit und Bedeutungsvermittlung /
_cBernd-Dietrich Müller.
260 _aBerlin [etc.] :
_bLangenscheidt ;
_ccop. 1994
_g(2001).
300 _a115 s. :
_brys. ;
_c30 cm.1
490 _aFernstudienprojekt zur Fort- und Weiterbildung im Bereich Germanistik und Deutsch als Fremdsprache.
_pTeilbereich Deutsch als Fremdsprache
_vFernstudieneinheit 8,
504 _aBibliogr.
650 _aJęzyk niemiecki
_xnauczanie
655 _aPodręczniki
830 _aFernstudienprojekt zur Fort- und Weiterbildung im Bereich Germanistik und Deutsch als Fremdsprache.
_pTeilbereich Deutsch als Fremdsprache
020 _a3468496729
040 _cBPK
041 0 _ager
044 _aDEU
080 _a811.112.2:37.091.3](072)
942 _cKS
008 s pl f |000 0 pol
999 _c54363
_d54363
856 _uhttp://koha.tu.koszalin.pl/cgi-bin/koha/opac-detail.pl?biblionumber=54363
_yKatalog online BPK